000 00233nam a22001097a 4500
082 _a700
100 _aKumar Binoy
_979973
245 _aArt and Society
260 _aDelhi
_bIswar Books
_c2018
650 _aArt
_979974
942 _cBK
999 _c63501
_d63501